000 01096nam a2200313 i 4500
003 EG-GICUC
005 20260306221918.0
008 260306s1911 fr ||||fr|||| 000 0 fre d
040 _aEG-GiCUC
_bfre
_cEG-GiCUC
_dEG-GiCUC
_eRda
041 _afre
082 0 4 _221
_a341.3
_bPI . R
092 0 4 _221
099 _aLaw1 11 341.3 PI . R 1911
100 1 _a Pillet, A.
_eAuteur
245 1 3 _aLe Régime International De La Propriété Industrielle :
_bDroit Français Et Conventions Internationales /
_cPar A. Pillet, Georges Chabaud.
264 1 _aParis :
_bLibrairie De La Societe Du Recten,
_c1911.
300 _a411 page ;
_c 24 cm.
_billustration ;
336 _2rda contenu
_a texte
337 _2rda medias
_aOrdinateur
338 _2 transporteur rda
_a Ressource en ligne
504 _aBibliography: pages 200-250. 240-220
546 _aTexte en français
650 1 4 _aRelations internationales
_2qrmak
651 1 _2qrmak
700 1 _aChabaud, Georges
_eCo-Auteur
856 4 0 _uhttps://fll.law.cu.edu.eg/fulltext/bks/B11-08822.pdf
905 _a79
942 _2ddc
_cBK
_e21
_n0
999 _c65252
_d65252